[Event "DVM U14w 2019"]
[Site "Neumünster GER"]
[Date "2019.12.27"]
[Round "1"]
[White "Lensing, Sienna"]
[Black "Klühs, Isabel"]
[Result "0-1"]
[Termination "normal"]
[Board "6.3"]
[WhiteElo "1085"]
[BlackElo "1363"]
[WhiteTeam "Schachgemeinschaft Turm Raesfeld/Erle"]
[BlackTeam "SC Borussia Lichtenberg"]
[PlyCount "106"]
[WhiteFideId "16298381"]
[BlackFideId "16228944"]
[EventCountry "GER"]
[EventRounds "7"]
[EventType "team-swiss"]
[EventDate "2019.12.26"]

1. e4 c5 2. Nc3 Nc6 3. Bb5 g6 4. Bxc6 bxc6 5. d3 d6 6. f4 Bg7 7. Nf3 Nf6 8. O-O
O-O 9. Qe1 d5 10. Qh4 Bb7 11. f5 Qc8 12. Bh6 Nh5 13. Qg5 Qc7 14. Rae1 Rfe8 15.
g4 Nf6 16. fxg6 hxg6 17. Bxg7 Kxg7 18. Nh4 Bc8 19. Nf5+ Bxf5 20. gxf5 Rh8 21.
Re2 Rh5 22. Qg2 Rah8 23. Rff2 Rh4 24. Qh1 gxf5 25. exf5 Kf8 26. Kf1 Qb7 27. b3
Qb4 28. Nd1 Qg4 29. Qg2 Qh5 30. c3 Ng4 31. Rf3 Nxh2+ 32. Kf2 Nxf3 33. Qxf3 Rh2+
34. Ke3 d4+ 35. cxd4 cxd4+ 36. Ke4 Rxe2+ 37. Kf4 Qh4+ 38. Qg4 Qxg4+ 39. Kxg4
Kg7 40. Kf3 Rd2 41. Nf2 Rxf2+ 42. Kxf2 Kf6 43. Kf3 Kxf5 44. a4 Rh3+ 45. Kg2 Kg4
46. Kf2 Re3 47. b4 a6 48. a5 e5 49. Kg2 Re2+ 50. Kf1 Kf3 51. Kg1 Ra2 52. Kh1
Kg3 53. Kg1 Ra1#  0-1

[Event "DVM U14w 2019"]
[Site "Neumünster GER"]
[Date "2019.12.27"]
[Round "1"]
[White "Hafermann, Lara"]
[Black "Wehling, Ida"]
[Result "1-0"]
[Termination "normal"]
[Board "6.4"]
[WhiteElo "1161"]
[BlackElo "1123"]
[WhiteTeam "SC Borussia Lichtenberg"]
[BlackTeam "Schachgemeinschaft Turm Raesfeld/Erle"]
[PlyCount "101"]
[WhiteFideId "16298306"]
[BlackFideId "16287452"]
[EventCountry "GER"]
[EventRounds "7"]
[EventType "team-swiss"]
[EventDate "2019.12.26"]

1. d4 d5 2. Nf3 Nc6 3. e3 a6 4. c3 Bf5 5. Bd3 Bg6 6. O-O Nf6 7. Qc2 e6 8. Nbd2
Bd6 9. e4 e5 10. dxe5 Nxe5 11. Nxe5 Bxe5 12. exd5 Qxd5 13. Bxg6 hxg6 14. h3 O-O
15. Nf3 Bd6 16. Re1 Bc5 17. b4 Bb6 18. Be3 Bxe3 19. Rxe3 Rad8 20. Rae1 Rd7 21.
Re7 Qd6 22. Rxd7 Qxd7 23. a3 b5 24. c4 c6 25. cxb5 cxb5 26. Qb3 Qc6 27. Ne5 Qe8
28. Re3 Qb8 29. Nxg6 Rd8 30. Ne7+ Kf8 31. Nc6 Qd6 32. Nxd8 Qxd8 33. Qd3 Qc8 34.
Qc3 Qb7 35. Qc5+ Kg8 36. Rc3 Kh7 37. Qf5+ Kg8 38. Rc8+ Qxc8 39. Qxc8+ Kh7 40.
Qxa6 Nd7 41. Qxb5 Nf6 42. Qc6 Ng8 43. b5 Ne7 44. Qe4+ Kh8 45. Qxe7 f6 46. b6
Kh7 47. b7 Kh8 48. b8=Q+ Kh7 49. Qbf8 Kh6 50. Qexf6+ Kh5 51. g4#  1-0

[Event "DVM U14w 2019"]
[Site "Neumünster GER"]
[Date "2019.12.27"]
[Round "1"]
[White "Glowiak, Alexandra"]
[Black "Schulz, Hannah"]
[Result "0-1"]
[Termination "normal"]
[Board "7.1"]
[WhiteElo "1403"]
[BlackElo "1588"]
[WhiteTeam "SV Traktor Priestewitz"]
[BlackTeam "Karlsruher SF 1853"]
[PlyCount "150"]
[WhiteFideId "16259530"]
[BlackFideId "16244745"]
[EventCountry "GER"]
[EventRounds "7"]
[EventType "team-swiss"]
[EventDate "2019.12.26"]

1. e4 c6 2. d4 d5 3. exd5 cxd5 4. Nc3 Nc6 5. h3 g6 6. Nf3 Bg7 7. Bb5 Nf6 8. O-O
O-O 9. Bf4 Bf5 10. Re1 a6 11. Bd3 Rc8 12. Bxf5 gxf5 13. Ne5 e6 14. Qd2 Ne4 15.
Nxe4 fxe4 16. c3 Nxe5 17. Bxe5 Bxe5 18. dxe5 Kh8 19. Qf4 Qe7 20. f3 exf3 21.
Qxf3 Rg8 22. Rf1 Rg7 23. Qf6 Qc5+ 24. Qf2 Qc7 25. Qf6 Qb6+ 26. Qf2 Qxf2+ 27.
Rxf2 Rc4 28. Raf1 Kg8 29. Re1 Kf8 30. Kh2 Ke7 31. g3 Rg5 32. Rf4 b5 33. h4 Rxf4
34. hxg5 Rf2+ 35. Kh3 Rxb2 36. a4 Rb3 37. axb5 Rxb5 38. Ra1 a5 39. Kg4 Kf8 40.
Kh5 Kg7 41. Ra2 Rc5 42. Ra3 Rc4 43. Rxa5 Rxc3 44. Kg4 Re3 45. Kh5 Rxe5 46. Rb5
Re3 47. Kg4 Kg6 48. Rb7 Re5 49. Kf4 Rf5+ 50. Kg4 Rxg5+ 51. Kf4 Rf5+ 52. Kg4 h5+
53. Kh4 Rg5 54. Rb8 Rg4+ 55. Kh3 Kf5 56. Rh8 Rg5 57. Rf8 f6 58. Rh8 d4 59. Rd8
e5 60. Rd5 Ke4 61. Rd6 f5 62. Kh4 Rg4+ 63. Kh3 d3 64. Ra6 Kf3 65. Ra3 Rxg3+ 66.
Kh2 e4 67. Rb3 f4 68. Ra3 h4 69. Rb3 Ke2 70. Rb2+ d2 71. Ra2 Ke1 72. Ra1+ d1=Q
73. Ra2 Qg4 74. Ra1+ Kf2 75. Ra2+ Qe2  0-1

[Event "DVM U14w 2019"]
[Site "Neumünster GER"]
[Date "2019.12.27"]
[Round "1"]
[White "Reiter, Hannah"]
[Black "Mai, Mariella"]
[Result "0-1"]
[Termination "normal"]
[Board "7.2"]
[WhiteElo "1373"]
[BlackElo "1232"]
[WhiteTeam "Karlsruher SF 1853"]
[BlackTeam "SV Traktor Priestewitz"]
[PlyCount "82"]
[WhiteFideId "16239679"]
[BlackFideId "16281780"]
[EventCountry "GER"]
[EventRounds "7"]
[EventType "team-swiss"]
[EventDate "2019.12.26"]

1. e4 e6 2. d4 d5 3. e5 c5 4. Be3 Nc6 5. Nf3 Nh6 6. Nbd2 Nf5 7. Bg5 Qc7 8. Nb3
cxd4 9. Nbxd4 Ncxd4 10. Nxd4 Qxe5+ 11. Be3 Nxe3 12. Nf3 Nxd1+ 13. Nxe5 Nxb2 14.
Bb5+ Ke7 15. O-O Kf6 16. Ng4+ Ke7 17. Rab1 Nc4 18. Bxc4 dxc4 19. Rfd1 f6 20.
Ne3 Kf7 21. Nxc4 g5 22. h3 b5 23. Ne3 b4 24. Rd8 Rg8 25. Rbd1 Bc5 26. Rxg8 Kxg8
27. Rd8+ Kg7 28. Ng4 h5 29. Nh2 Kg6 30. Rg8+ Kf5 31. Rg7 Ba6 32. Rh7 Rd8 33.
g4+ hxg4 34. hxg4+ Kf4 35. Rh3 Rd1+ 36. Kg2 Bb7+ 37. Nf3 e5 38. Rh6 Kxg4 39.
Rxf6 Be4 40. Re6 Bxf3+ 41. Kh2 Rh1#  0-1

[Event "DVM U14w 2019"]
[Site "Neumünster GER"]
[Date "2019.12.27"]
[Round "1"]
[White "Moradi, Yassaman"]
[Black "Kuran, Olivia"]
[Result "1-0"]
[Termination "normal"]
[Board "7.3"]
[WhiteElo "1293"]
[BlackElo "1003"]
[WhiteTeam "SV Traktor Priestewitz"]
[BlackTeam "Karlsruher SF 1853"]
[PlyCount "81"]
[WhiteFideId "16279964"]
[BlackFideId "16279670"]
[EventCountry "GER"]
[EventRounds "7"]
[EventType "team-swiss"]
[EventDate "2019.12.26"]

1. e4 e5 2. Nf3 Nc6 3. d4 d6 4. d5 Nce7 5. Nc3 Bg4 6. Be2 Nf6 7. Bg5 Ng6 8. Qd2
Be7 9. h3 Bxf3 10. Bxf3 Qd7 11. O-O-O O-O 12. g4 Ne8 13. Be3 Nh4 14. Be2 c6 15.
Rdg1 h6 16. g5 Kh8 17. gxh6 gxh6 18. Bxh6 Rg8 19. Rxg8+ Kxg8 20. Bg5 Ng6 21.
Bh5 Ng7 22. Bxg6 fxg6 23. Rg1 Rf8 24. h4 Bf6 25. Qe3 a6 26. Bxf6 Rxf6 27. Qh6
Qf7 28. f3 g5 29. Qxg5 Rg6 30. Qxg6 Qxg6 31. Rxg6 Kf7 32. Rxd6 Ne8 33. Rd7+ Kf8
34. Rxb7 Nd6 35. Ra7 cxd5 36. Nxd5 Nb5 37. Rxa6 Nd4 38. Rf6+ Kg7 39. h5 Ne2+
40. Kd2 Ng3 41. Rg6+  1-0

[Event "DVM U14w 2019"]
[Site "Neumünster GER"]
[Date "2019.12.27"]
[Round "1"]
[White "Bräutigam, Katerina"]
[Black "Becker, Linda"]
[Result "0-1"]
[Termination "normal"]
[Board "8.1"]
[WhiteElo "1660"]
[BlackElo "1617"]
[WhiteTeam "Elmshorner SC von 1896"]
[BlackTeam "Schachgemeinschaft Porz e. V."]
[PlyCount "142"]
[WhiteFideId "16242980"]
[BlackFideId "16244753"]
[EventCountry "GER"]
[EventRounds "7"]
[EventType "team-swiss"]
[EventDate "2019.12.26"]

1. e4 e6 2. d4 d5 3. e5 c5 4. c3 Nc6 5. Nf3 Nge7 6. a3 cxd4 7. cxd4 Nf5 8. g4
Nfe7 9. Bd3 Bd7 10. Nc3 Nc8 11. Qc2 h6 12. Rg1 Be7 13. Bd2 Nb6 14. b3 a6 15.
Ne2 Bg5 16. Nxg5 hxg5 17. Rg2 Rc8 18. Qb2 Rh3 19. Qb1 Qe7 20. f4 gxf4 21. Bxf4
Qh4+ 22. Kf1 Rf3+ 23. Kg1 Nxd4 24. Bg3 Qg5 25. Nxd4 Qe3+ 26. Bf2 Rxf2 27. Rxf2
Qxd4 28. Qf1 Qxg4+ 29. Kh1 d4 30. Be2 Bc6+ 31. Bf3 Bxf3+ 32. Rxf3 Qe4 33. Kg1
Rc7 34. Re1 Qg6+ 35. Rg3 Qh6 36. Kh1 Rc3 37. Rg2 Rxb3 38. Rf2 Qg6 39. Rg2 Qh6
40. Qg1 Re3 41. Rxg7 Rxe1 42. Rg8+ Ke7 43. Qxe1 Nd5 44. Qb1 b6 45. a4 Qe3 46.
Rg3 Qxe5 47. Qc1 Nc3 48. Qf1 a5 49. Rg2 Nxa4 50. Qa6 Qd6 51. Rg7 Qd7 52. Qa8 d3
53. Qf3 Kf8 54. Qg2 Qd5 55. Rg8+ Ke7 56. Qxd5 exd5 57. Rg2 Nc5 58. h4 Ne4 59.
Rg1 d2 60. Kg2 Nc3 61. h5 d1=Q 62. Rxd1 Nxd1 63. h6 Kf8 64. Kf3 a4 65. Kf4 Kg8
66. Ke5 a3 67. Kf6 Kh7 68. Kxf7 a2 69. Ke6 a1=Q 70. Kxd5 Qc3 71. Ke4 b5  0-1

[Event "DVM U14w 2019"]
[Site "Neumünster GER"]
[Date "2019.12.27"]
[Round "1"]
[White "Ramien, Hannah"]
[Black "Margaryan, Susanna"]
[Result "0-1"]
[Termination "normal"]
[Board "8.2"]
[WhiteElo "1439"]
[BlackElo "1395"]
[WhiteTeam "Schachgemeinschaft Porz e. V."]
[BlackTeam "Elmshorner SC von 1896"]
[PlyCount "112"]
[WhiteFideId "16209982"]
[BlackFideId "16268210"]
[EventCountry "GER"]
[EventRounds "7"]
[EventType "team-swiss"]
[EventDate "2019.12.26"]

1. e4 d5 2. exd5 Qxd5 3. Nc3 Qa5 4. d4 c6 5. Bc4 Bf5 6. Nf3 Nf6 7. Bd2 e6 8.
O-O Be7 9. d5 cxd5 10. Nxd5 Qd8 11. Nxe7 Qxe7 12. a3 Nc6 13. Bf4 Rd8 14. Qe2
O-O 15. Rad1 Bg4 16. c3 Rxd1 17. Rxd1 e5 18. Re1 e4 19. h3 Bh5 20. g4 Bg6 21.
Nh4 Re8 22. Nxg6 hxg6 23. Bg5 Ne5 24. Bxf6 Qxf6 25. Kg2 Nxc4 26. Qxc4 Qf3+ 27.
Kg1 e3 28. Rxe3 Rxe3 29. fxe3 Qxe3+ 30. Kh1 Qc1+ 31. Kg2 Qxb2+ 32. Kg3 Qxa3 33.
Qb4 Qxb4 34. cxb4 a6 35. Kf4 b6 36. g5 a5 37. bxa5 bxa5 38. Ke3 f6 39. h4 fxg5
40. hxg5 Kf7 41. Kd4 a4 42. Kc4 a3 43. Kb3 a2 44. Kxa2 Ke6 45. Kb3 Kf5 46. Kc3
Kxg5 47. Kd3 Kf4 48. Ke2 g5 49. Kf2 g4 50. Kg2 g3 51. Kg1 Kf3 52. Kf1 g2+ 53.
Kg1 g6 54. Kh2 Kf2 55. Kh3 g1=Q 56. Kh4 Qg3#  0-1

[Event "DVM U14w 2019"]
[Site "Neumünster GER"]
[Date "2019.12.27"]
[Round "1"]
[White "Neitzel, Emma"]
[Black "Sinner, Joselyne"]
[Result "0-1"]
[Termination "normal"]
[Board "8.3"]
[WhiteElo "931"]
[BlackElo "1407"]
[WhiteTeam "Elmshorner SC von 1896"]
[BlackTeam "Schachgemeinschaft Porz e. V."]
[PlyCount "92"]
[WhiteFideId "16298373"]
[BlackFideId "16210387"]
[EventCountry "GER"]
[EventRounds "7"]
[EventType "team-swiss"]
[EventDate "2019.12.26"]

1. d4 d5 2. c4 e6 3. Nc3 Nf6 4. Nf3 Be7 5. Bf4 Nbd7 6. a3 a6 7. cxd5 exd5 8. e3
O-O 9. Bd3 c5 10. e4 cxd4 11. Nxd4 Bc5 12. e5 Re8 13. Nf3 Ng4 14. b4 Bxf2+ 15.
Kf1 Be3 16. Nxd5 Bxf4 17. Nxf4 Ne3+ 18. Ke2 Nxd1 19. Raxd1 Qb6 20. Nd5 Qd8 21.
Ne3 b5 22. Rhf1 h6 23. Nf5 Qb6 24. Be4 Rb8 25. Rd6 Qa7 26. N5d4 Rb6 27. Rc1
Rxd6 28. Nc6 Rxc6 29. Rxc6 Qb8 30. Rd6 Nxe5 31. Rd5 Nxf3 32. Kxf3 Bb7 33. Rd4
Bxe4+ 34. Rxe4 Rxe4 35. Kxe4 Qxh2 36. g4 Qb2 37. a4 Qxb4+ 38. Kd5 Qxa4 39. Kc6
b4+ 40. Kc5 b3 41. g5 b2 42. gxh6 gxh6 43. Kd5 b1=R 44. Kd6 Rc1 45. Ke7 Qd4 46.
Ke8 Re1#  0-1

[Event "DVM U14w 2019"]
[Site "Neumünster GER"]
[Date "2019.12.27"]
[Round "1"]
[White "Popovidou, Laura"]
[Black "Margaryan, Sofia"]
[Result "0-1"]
[Termination "normal"]
[Board "8.4"]
[WhiteElo "931"]
[BlackElo "777"]
[WhiteTeam "Schachgemeinschaft Porz e. V."]
[BlackTeam "Elmshorner SC von 1896"]
[PlyCount "104"]
[WhiteFideId "16255836"]
[BlackFideId "16268229"]
[EventCountry "GER"]
[EventRounds "7"]
[EventType "team-swiss"]
[EventDate "2019.12.26"]

1. e4 e5 2. Nf3 Nc6 3. Nc3 Nf6 4. Bb5 a6 5. Bxc6 dxc6 6. Nxe5 Bd6 7. Nf3 Qe7 8.
d3 O-O 9. h3 h5 10. Qe2 Re8 11. O-O Bb4 12. Bg5 Bxc3 13. bxc3 Bf5 14. e5 c5 15.
Rfe1 Rad8 16. Rad1 c4 17. d4 b5 18. Kf1 c5 19. exf6 Qxe2+ 20. Rxe2 Rxe2 21.
Kxe2 Re8+ 22. Kf1 Bxc2 23. Rd2 Bd3+ 24. Kg1 b4 25. cxb4 cxb4 26. Ne5 c3 27. Rd1
Be2 28. Rc1 Bb5 29. fxg7 Kxg7 30. Rb1 a5 31. Bf4 c2 32. Rc1 Ba4 33. Nc4 b3 34.
axb3 Bxb3 35. Na3 Rc8 36. Kf1 Ba4 37. Ke1 Rc3 38. Bd6 Rd3 39. Be5+ Kg6 40. Nxc2
Bxc2 41. Rxc2 a4 42. h4 a3 43. Rc6+ Kf5 44. Rf6+ Ke4 45. Rf4+ Kd5 46. Rxf7 Kc4
47. Rc7+ Kd5 48. Rc5+ Ke4 49. f3+ Ke3 50. d5 Rb3 51. d6 Rb1+ 52. Rc1 Rxc1#  0-1

[Event "DVM U14w 2019"]
[Site "Neumünster GER"]
[Date "2019.12.27"]
[Round "2"]
[White "von Beckh, Frieda"]
[Black "Zhou, Lepu Coco"]
[Result "0-1"]
[Termination "normal"]
[Board "1.2"]
[WhiteElo "1513"]
[BlackElo "1892"]
[WhiteClock "01:25:40"]
[BlackClock "01:28:50"]
[WhiteTeam "SV Multatuli Ingelheim e.V."]
[BlackTeam "USV Halle"]
[PlyCount "50"]
[WhiteFideId "16233751"]
[BlackFideId "16217136"]
[EventCountry "GER"]
[EventRounds "7"]
[EventType "team-swiss"]
[EventDate "2019.12.26"]

1. e4 {[%clk 1:30:56]} e5 {[%clk 1:30:55]} 2. Nf3 {[%clk 1:31:21]} Nc6 {[%clk
1:31:19]} 3. d4 {[%clk 1:31:44]} exd4 {[%clk 1:31:44]} 4. Bc4 {[%clk 1:32:07]}
Nf6 {[%clk 1:32:08]} 5. O-O {[%clk 1:32:31]} Bc5 {[%clk 1:31:58]} 6. Re1 {[%clk
1:32:10]} O-O {[%clk 1:32:11]} 7. Bg5 {[%clk 1:32:23]} h6 {[%clk 1:31:44]} 8.
Bh4 {[%clk 1:29:53]} d6 {[%clk 1:31:07]} 9. e5 {[%clk 1:29:03]} dxe5 {[%clk
1:30:53]} 10. Nxe5 {[%clk 1:29:17]} Nxe5 {[%clk 1:30:04]} 11. Rxe5 {[%clk
1:29:29]} Bd6 {[%clk 1:29:40]} 12. Rb5 {[%clk 1:28:37]} a6 {[%clk 1:28:22]} 13.
Rb3 {[%clk 1:28:46]} b5 {[%clk 1:28:39]} 14. Bd5 {[%clk 1:28:26]} Bxh2+ {[%clk
1:28:45]} 15. Kxh2 {[%clk 1:28:46]} Qxd5 {[%clk 1:29:09]} 16. Bxf6 {[%clk
1:27:58]} Qd6+ {[%clk 1:29:26]} 17. Rg3 {[%clk 1:28:01]} Qxf6 {[%clk 1:29:44]}
18. Qd2 {[%clk 1:27:50]} Bb7 {[%clk 1:28:46]} 19. c3 {[%clk 1:26:11]} Rad8
{[%clk 1:28:32]} 20. Kg1 {[%clk 1:24:53]} dxc3 {[%clk 1:28:20]} 21. Qxc3 {[%clk
1:25:13]} Rd1+ {[%clk 1:28:40]} 22. Kh2 {[%clk 1:25:21]} Qh4+ {[%clk 1:28:27]}
23. Rh3 {[%clk 1:25:40]} Qxf2 {[%clk 1:28:43]} 24. Rg3 {[%clk 1:25:18]} Qg1+
{[%clk 1:28:27]} 25. Kh3 {[%clk 1:25:40]} Bc8+ {[%clk 1:28:50]} 0-1

[Event "DVM U14w 2019"]
[Site "Neumünster GER"]
[Date "2019.12.27"]
[Round "2"]
[White "Berghold, Lotta"]
[Black "Reuter, Elisa"]
[Result "0-1"]
[Termination "normal"]
[Board "2.1"]
[WhiteElo "1398"]
[BlackElo "1850"]
[WhiteClock "00:02:56"]
[BlackClock "00:48:47"]
[WhiteTeam "SC Borussia Lichtenberg"]
[BlackTeam "Schachgemeinschaft Leipzig"]
[PlyCount "126"]
[WhiteFideId "16243463"]
[BlackFideId "12995444"]
[EventCountry "GER"]
[EventRounds "7"]
[EventType "team-swiss"]
[EventDate "2019.12.26"]

1. d4 {[%clk 1:30:59]} Nf6 {[%clk 1:30:56]} 2. Nf3 {[%clk 1:31:19]} g6 {[%clk
1:31:20]} 3. g3 {[%clk 1:31:43]} Bg7 {[%clk 1:31:47]} 4. Bg2 {[%clk 1:32:08]}
O-O {[%clk 1:32:07]} 5. O-O {[%clk 1:32:33]} d5 {[%clk 1:32:30]} 6. b3 {[%clk
1:32:18]} c5 {[%clk 1:29:26]} 7. Bb2 {[%clk 1:30:54]} Ne4 {[%clk 1:28:11]} 8.
Qc1 {[%clk 1:25:31]} Nc6 {[%clk 1:26:49]} 9. dxc5 {[%clk 1:24:55]} Nxc5 {[%clk
1:22:35]} 10. Bxg7 {[%clk 1:23:24]} Kxg7 {[%clk 1:22:57]} 11. Rd1 {[%clk
1:14:37]} e5 {[%clk 1:18:09]} 12. e3 {[%clk 1:02:35]} e4 {[%clk 1:15:55]} 13.
Qb2+ {[%clk 1:00:42]} Qf6 {[%clk 1:14:07]} 14. Qxf6+ {[%clk 1:00:21]} Kxf6
{[%clk 1:14:32]} 15. Nd4 {[%clk 1:00:11]} Be6 {[%clk 1:13:12]} 16. Nc3 {[%clk
0:55:41]} Rfd8 {[%clk 1:09:43]} 17. h3 {[%clk 0:50:19]} Rac8 {[%clk 1:08:02]}
18. Nce2 {[%clk 0:46:07]} Ne5 {[%clk 1:04:47]} 19. Rd2 {[%clk 0:44:04]} g5
{[%clk 0:58:24]} 20. g4 {[%clk 0:33:11]} Ncd7 {[%clk 0:52:16]} 21. Rad1 {[%clk
0:27:36]} Ke7 {[%clk 0:51:03]} 22. Ng3 {[%clk 0:26:43]} Nf6 {[%clk 0:50:30]}
23. a3 {[%clk 0:23:33]} a6 {[%clk 0:49:37]} 24. Kf1 {[%clk 0:19:51]} Rd7 {[%clk
0:46:56]} 25. Re2 {[%clk 0:16:48]} h5 {[%clk 0:42:58]} 26. gxh5 {[%clk
0:11:55]} Rh8 {[%clk 0:42:42]} 27. Ngf5+ {[%clk 0:11:15]} Kd8 {[%clk 0:41:42]}
28. h6 {[%clk 0:09:53]} Ng8 {[%clk 0:41:03]} 29. Red2 {[%clk 0:07:10]} Nxh6
{[%clk 0:40:52]} 30. Nxe6+ {[%clk 0:06:00]} fxe6 {[%clk 0:41:15]} 31. Nxh6
{[%clk 0:05:44]} Rxh6 {[%clk 0:41:38]} 32. Ke2 {[%clk 0:05:29]} b5 {[%clk
0:39:25]} 33. Rd4 {[%clk 0:03:36]} Ke8 {[%clk 0:38:58]} 34. R4d2 {[%clk
0:02:50]} Rf7 {[%clk 0:38:20]} 35. Rf1 {[%clk 0:02:49]} Rhf6 {[%clk 0:36:32]}
36. Ke1 {[%clk 0:01:51]} Rh7 {[%clk 0:32:57]} 37. Ke2 {[%clk 0:01:22]} Kf7
{[%clk 0:30:58]} 38. Ke1 {[%clk 0:01:12]} Kg6 {[%clk 0:31:05]} 39. Ke2 {[%clk
0:01:06]} Rf8 {[%clk 0:31:11]} 40. Ke1 {[%clk 0:00:46]} Rc8 {[%clk 0:30:48]}
41. Kd1 {[%clk 0:28:53]} a5 {[%clk 1:00:29]} 42. Ke2 {[%clk 0:21:35]} Rc3
{[%clk 0:59:51]} 43. Ra1 {[%clk 0:19:37]} a4 {[%clk 0:57:42]} 44. Rb1 {[%clk
0:19:02]} Ra7 {[%clk 0:57:02]} 45. bxa4 {[%clk 0:17:59]} bxa4 {[%clk 0:57:28]}
46. Kd1 {[%clk 0:13:05]} Rxa3 {[%clk 0:57:20]} 47. Bf1 {[%clk 0:12:07]} Nf3
{[%clk 0:56:07]} 48. Re2 {[%clk 0:12:13]} Rc3 {[%clk 0:56:28]} 49. Ra1 {[%clk
0:11:24]} Rc6 {[%clk 0:56:04]} 50. Kc1 {[%clk 0:10:13]} a3 {[%clk 0:56:10]} 51.
Kd1 {[%clk 0:09:06]} Kf6 {[%clk 0:51:14]} 52. Kc1 {[%clk 0:06:38]} Ke7 {[%clk
0:49:50]} 53. Kb1 {[%clk 0:06:17]} Rb6+ {[%clk 0:50:13]} 54. Kc1 {[%clk
0:06:39]} Rc6 {[%clk 0:47:05]} 55. Kb1 {[%clk 0:06:18]} Kd6 {[%clk 0:47:31]}
56. Ka2 {[%clk 0:06:29]} Kc5 {[%clk 0:47:25]} 57. c3 {[%clk 0:06:10]} Ne5
{[%clk 0:47:44]} 58. Kb1 {[%clk 0:04:48]} Rb6+ {[%clk 0:48:10]} 59. Kc1 {[%clk
0:04:41]} Nd3+ {[%clk 0:48:18]} 60. Kc2 {[%clk 0:03:45]} Rab7 {[%clk 0:47:31]}
61. Bg2 {[%clk 0:02:55]} Rb2+ {[%clk 0:47:56]} 62. Kd1 {[%clk 0:02:40]} Rb1+
{[%clk 0:48:23]} 63. Rxb1 {[%clk 0:02:56]} Rxb1+ {[%clk 0:48:47]} 0-1

[Event "DVM U14w 2019"]
[Site "Neumünster GER"]
[Date "2019.12.27"]
[Round "2"]
[White "Oswald, Hannah"]
[Black "Müller, Helene"]
[Result "1-0"]
[Termination "normal"]
[Board "2.2"]
[WhiteElo "1647"]
[BlackElo "1545"]
[WhiteClock "00:45:25"]
[BlackClock "00:28:08"]
[WhiteTeam "Schachgemeinschaft Leipzig"]
[BlackTeam "SC Borussia Lichtenberg"]
[PlyCount "119"]
[WhiteFideId "16214960"]
[BlackFideId "16240456"]
[EventCountry "GER"]
[EventRounds "7"]
[EventType "team-swiss"]
[EventDate "2019.12.26"]

1. e4 {[%clk 1:30:58]} c5 {[%clk 1:30:55]} 2. Nf3 {[%clk 1:31:20]} d6 {[%clk
1:31:19]} 3. d4 {[%clk 1:31:44]} cxd4 {[%clk 1:31:45]} 4. Nxd4 {[%clk 1:32:07]}
Nf6 {[%clk 1:32:09]} 5. Nc3 {[%clk 1:32:26]} g6 {[%clk 1:32:33]} 6. Be3 {[%clk
1:32:43]} Bg7 {[%clk 1:32:56]} 7. f3 {[%clk 1:33:07]} Nc6 {[%clk 1:33:13]} 8.
Bc4 {[%clk 1:33:31]} Bd7 {[%clk 1:33:33]} 9. Qd2 {[%clk 1:33:53]} O-O {[%clk
1:33:50]} 10. O-O-O {[%clk 1:34:00]} Rc8 {[%clk 1:33:51]} 11. Bb3 {[%clk
1:34:23]} a6 {[%clk 1:32:03]} 12. g4 {[%clk 1:33:23]} b5 {[%clk 1:30:55]} 13.
h4 {[%clk 1:29:29]} Na5 {[%clk 1:28:29]} 14. Bh6 {[%clk 1:27:54]} Nxb3+ {[%clk
1:28:27]} 15. Nxb3 {[%clk 1:25:24]} a5 {[%clk 1:22:49]} 16. Bxg7 {[%clk
1:24:06]} Kxg7 {[%clk 1:23:10]} 17. e5 {[%clk 1:20:01]} Ng8 {[%clk 1:12:58]}
18. exd6 {[%clk 1:18:52]} exd6 {[%clk 1:13:17]} 19. Qxd6 {[%clk 1:17:43]} Bc6
{[%clk 1:02:04]} 20. Qxd8 {[%clk 1:08:51]} Rfxd8 {[%clk 1:02:21]} 21. Nd4
{[%clk 1:08:26]} b4 {[%clk 0:53:36]} 22. Nxc6 {[%clk 1:07:09]} Rxd1+ {[%clk
0:53:40]} 23. Rxd1 {[%clk 1:07:28]} Rxc6 {[%clk 0:54:04]} 24. Ne4 {[%clk
1:03:07]} Ne7 {[%clk 0:38:42]} 25. Rd7 {[%clk 1:00:35]} Nc8 {[%clk 0:36:34]}
26. b3 {[%clk 0:54:49]} Ra6 {[%clk 0:30:51]} 27. Rc7 {[%clk 0:49:03]} Nd6
{[%clk 0:21:05]} 28. Nc5 {[%clk 0:47:02]} Ra8 {[%clk 0:20:00]} 29. Rd7 {[%clk
0:45:51]} Nb5 {[%clk 0:18:00]} 30. Ne6+ {[%clk 0:39:35]} Kg8 {[%clk 0:18:11]}
31. Ng5 {[%clk 0:39:25]} Ra7 {[%clk 0:15:46]} 32. Rxa7 {[%clk 0:36:07]} Nxa7
{[%clk 0:16:09]} 33. Ne4 {[%clk 0:35:22]} Nc6 {[%clk 0:13:35]} 34. Kb2 {[%clk
0:33:54]} Nd4 {[%clk 0:11:41]} 35. Nd2 {[%clk 0:33:20]} Kf8 {[%clk 0:10:00]}
36. c3 {[%clk 0:31:15]} bxc3+ {[%clk 0:09:14]} 37. Kxc3 {[%clk 0:31:35]} Nc6
{[%clk 0:09:22]} 38. Kc4 {[%clk 0:31:04]} Ke7 {[%clk 0:09:43]} 39. Kb5 {[%clk
0:31:01]} Kd6 {[%clk 0:09:43]} 40. Ne4+ {[%clk 0:30:48]} Kc7 {[%clk 0:09:51]}
41. Ng5 {[%clk 0:30:36]} Ne5 {[%clk 0:09:19]} 42. Kxa5 {[%clk 0:30:24]} h6
{[%clk 0:09:33]} 43. Ne4 {[%clk 0:28:32]} Nxf3 {[%clk 0:09:56]} 44. h5 {[%clk
0:28:20]} Ne5 {[%clk 0:06:34]} 45. Nf6 {[%clk 0:28:00]} Kd6 {[%clk 0:06:12]}
46. Ne4+ {[%clk 0:25:45]} Ke6 {[%clk 0:05:18]} 47. Nf2 {[%clk 0:22:17]} f5
{[%clk 0:02:42]} 48. gxf5+ {[%clk 0:20:55]} gxf5 {[%clk 0:02:43]} 49. b4 {[%clk
0:20:59]} Kd6 {[%clk 0:00:38]} 50. a4 {[%clk 0:19:58]} Kc7 {[%clk 0:00:42]} 51.
Kb5 {[%clk 0:19:14]} Nc6 {[%clk 0:00:38]} 52. Kc5 {[%clk 0:18:39]} Kd7 {[%clk
0:30:01]} 53. Nd3 {[%clk 0:48:26]} Kc7 {[%clk 0:29:45]} 54. Nf4 {[%clk
0:48:14]} Kb7 {[%clk 0:27:43]} 55. b5 {[%clk 0:44:36]} Na5 {[%clk 0:27:42]} 56.
Kb4 {[%clk 0:44:48]} Nc6+ {[%clk 0:27:08]} 57. bxc6+ {[%clk 0:45:11]} Kxc6
{[%clk 0:27:25]} 58. Kc4 {[%clk 0:45:18]} Kb6 {[%clk 0:27:44]} 59. Kd5 {[%clk
0:45:16]} Ka5 {[%clk 0:28:08]} 60. Ke5 {[%clk 0:45:25]} 1-0